Roméo et Juliette - Tu dois te marier (paroles) - Statistiques

Statistiques générales
  • Ce quiz a été pris 91 fois
  • Le résultat moyen est 73 sur 161
Statistiques - réponses
Réponse % Correct
m'a
97%
à
96%
ne
89%
père
89%
Ton
89%
Il
81%
il
81%
marier
80%
plus
80%
m'aime
77%
la
76%
seulement
74%
tu
71%
de
70%
te
70%
M'a-t-il
69%
dois
64%
Juliette
64%
aimée
61%
me
61%
es
60%
le
60%
des
57%
je
56%
voulait
56%
belle
54%
Les
54%
les
54%
est
53%
ce
51%
Ce
51%
comme
50%
nue
50%
tout
50%
et
49%
Et
49%
homme
49%
sa
49%
toi
47%
Ces
46%
j'étais
46%
J'étais
46%
un
44%
venu
44%
alors
43%
dans
41%
C'est
40%
c'est
40%
femmes
40%
une
40%
hommes
39%
nous
39%
39%
qui
39%
voir
39%
mariée
37%
pour
37%
regard
37%
jour
36%
larmes
36%
yeux
36%
amour
34%
mon
34%
Mon
34%
sont
34%
vallée
34%
puis
33%
t'en
33%
Oui
31%
oui
31%
vivre
31%
Vivre
31%
même
29%
sort
29%
choix
27%
pris
27%
supplie
27%
amants
26%
J'ai
26%
j'ai
26%
qu'un
26%
vendue
26%
vous
26%
blason
23%
morte
23%
franchis
21%
née
21%
pleuré
21%
porte
21%
voie
21%
barbares
20%
dégoût
20%
eu
20%
fille
20%
genoux
20%
juge
20%
l'enfance
20%
épouser
19%
longtemps
19%
menti
19%
triché
19%
Ah
17%
dis-moi
17%
veulent
16%
printemps
14%
fusillent
13%
s'insurge
13%
Aucun quiz correspondant
Distribution des résultats
% des personnes avec chaque résultat
Percentile par nombre de réponses
Votre historique - résultats
Vous n’avez pas pris ce quiz